LEADER 01045nam a2200241 i 4500 001 000000035813 003 CaOOAMICUS 005 20210623112545.0 008 931231n it u000 u ita u 013 $a4679 040 $aSeMil$bita 100 1 $aArcą, Paolo.$0(OLS)http://semarc/name/16785 245 13$aLa fanciulla del West di Giacomo Puccini :$bguida all'opera /$cPaolo Arcą. 650 4$aPuccini, Giacomo <1858-1924> . La fanciulla del West.$0(OLS)http://semarc/subject/50566 650 4$aOpera in musica.$0(OLS)http://semarc/subject/8916 700 1 $aPuccini, Giacomo,$d<1858-1924>.$0(OLS)http://semarc/name/52966 700 1 $aCivinini, G.$0(OLS)http://semarc/name/16789 700 1 $aZangarini, C.$0(OLS)http://semarc/name/16788 850 $aSeMil 852 $aSeMil$W1$xVenegono$y1$m3Q I 66$j1968$B1968$CSeMilBibl$Z2$F1968 $81 961 $aOmaggio: Agenzia internazionale 996 $6245$aLa fanciulla del West di Giacomo Puccini :$bguida all'opera$9(OLS)http://semarc/title/49264 LEADER 01003nam a2200241 i 4500 001 000000088128 003 CaOOAMICUS 005 20151221000000.0 008 151221s1978 it u000 u ita u 013 $a60368 040 $aSeMil$bita 100 1 $aAllorto, Riccardo <1921-2015>.$0(OLS)http://semarc/name/40104 245 10$aStoria della musica :$bper i Conservatori e gli Istituti musicali /$cRiccardo Allorto. 260 $aMilano :$bRicordi,$c1978. 300 $a337 p. :$bill. ;$c24 cm. 500 $aContiene : Appendice. 650 4$aMusica - Storia.$0(OLS)http://semarc/subject/563 650 4$aMusica - Manuali.$0(OLS)http://semarc/subject/16405 850 $aSeMil 852 $aSeMil$W1$xVenegono$y1$m3Q IV 101$j51488$B51488$CSeMilBibl$Z2$F55727 $81 961 $aOmaggio: Colombo [Sig.] - Lazzate 996 $6245$aStoria della musica :$bper i Conservatori e gli Istituti musicali$9(OLS)http://semarc/title/134082 996 $6260$aMilano :$bRicordi$9(OLS)http://semarc/publisher/31229